00341nam a2200145Ia 45000030006000000080041000060400015000471000021000622450028000832500006001112600041001173000006001585460014001640050017001780STCL150530s9999 xx 000 0 und d aSTCLcSTCL aAntoney Pulickal aMarubhoomiyile Christhu a1 bD C Books ; Kottayamc2005aKottayam a0 aMalayalam20220125171604.0